| 000 | 00639nam a22002177a 4500 | ||
|---|---|---|---|
| 008 | 151126b xxu||||| |||| 00| 0 eng d | ||
| 020 | _a9780764137549 | ||
| 020 | _a0764137549 | ||
| 041 | 0 | _aeng | |
| 080 | _a61 | ||
| 245 | 0 | 0 |
_aNew MCAT 2007 / _cHugo R. Seibel ... [et al.]. |
| 246 | 3 | _aBarron's new MCAT 2007 | |
| 246 | 3 | _aNew Medical College Admission Test 2007 | |
| 246 | 3 | _aMedical College Admission Test 2007 | |
| 250 | _a11th ed. | ||
| 260 |
_aHauppauge, N.Y. : _bBarron's Educational Series, _cc2007. |
||
| 300 |
_axxii, 553 f. : _bme ill. ; _c28 cm. |
||
| 650 | 0 | _aMjekësi | |
| 700 | 1 | _aSeibel, Hugo R. | |
| 942 |
_2udc _cBK |
||
| 999 |
_c1385 _d1385 |
||